000
00303nam a2200109Ia 4500
001
587483
005
20250717113817.0
008
250717s9999 xx 000 0 und d
245
0
_a
X-8 KİM İSTER TİFOLU MARY İLE KARŞILAŞMAYI
_c
JACQUELINE MORLEY
260
_b
TÜBİTAK YAYINLARI
_c
2020
300
_b
20
999
_c
587483
_d
587483